header

Kings and kingdoms of early Anglo-Saxon England (Record no. 46711)

MARC details
000 -LEADER
fixed length control field 01282nam a2200313Ia 4500
100 1# - MAIN ENTRY--AUTHOR NAME
Personal name Yorke, Barbara,
245 10 - TITLE STATEMENT
Title Kings and kingdoms of early Anglo-Saxon England
260 ## - PUBLICATION, DISTRIBUTION, ETC. (IMPRINT)
Place of publication London ;
-- New York :
Name of publisher Routledge,
Year of publication 1990.
300 ## - PHYSICAL DESCRIPTION
Number of Pages vi, 218 p., [4] p. of plates :
Other physical details ill., maps.
650 #0 - SUBJECT ADDED ENTRY--TOPICAL TERM
Topical Term Anglo-Saxons
Topical Term Civilization, Medieval.
856 40 - ELECTRONIC LOCATION AND ACCESS
Uniform Resource Identifier http://site.ebrary.com/lib/rucke/Doc?id=10061150

No items available.

© 2026 Rongo University
Contact us: librarian | system librarian | Rongo university